• 首页
  • 本馆介绍
  • 公告通知
  • 最新文献
  • 馆藏检索
  • 电子资源
  • 读者导购
  • 参考咨询
  • 我的图书馆
  • 登录
  • 详细信息显示
  • 放入我的书架
  • 预约/预借图书
  • 作者相关作品
  • 分类相关作品
  • 丛书相关作品
  • 出版社相关作品

书目信息

  • 表格格式
  • 工作单格式
  • 卡片格式
题名:
教师专业发展理论研究
    
 
作者: 朱旭东 主编
分册:  
出版信息: 北京   北京师范大学出版社  2011.02
页数: 434页
开本: 23cm
丛书名: 京师教师教育论丛
单 册:
中图分类: G451.2
科图分类:
主题词: 师资培养--研究 , 师资培养
电子资源:
ISBN: 978-7-303-11762-8
000 00871oam2 2200265 450
001 010010076125
005 20120321101952.56
010    @a978-7-303-11762-8@dCNY46.00
100    @a20110329d2011 em y0chiy50 ea
101 0  @achi
102    @aCN@b110000
105    @ak z 000yy
106    @ar
200 1  @a教师专业发展理论研究@9jiao shi zhuan ye fa zhan li lun yan jiu@f朱旭东主编
210    @a北京@c北京师范大学出版社@d2011.02
215    @a434页@d23cm
225 2  @a京师教师教育论丛
330    @a本书主要内容包括:教师信念理论研究;教师感情理论研究;教师知识理论研究;教师能力理论研究;教师教学专长理论研究等。
461  0 @12001 @a京师教师教育论丛@1701 0@a朱旭东@4主编
606 0  @a师资培养@x研究
606 0  @a师资培养
690    @aG451.2@v4
701  0 @a朱旭东@9zhu xu dong@4主编
801  0 @aCN@bRENTIAN@c20110329
905    @b538741-42@dG451.2@e107@f2
    
    教师专业发展理论研究/朱旭东主编.-北京:北京师范大学出版社,2011.02
    434页;23cm.-(京师教师教育论丛)
    
    
    ISBN 978-7-303-11762-8:CNY46.00
    本书主要内容包括:教师信念理论研究;教师感情理论研究;教师知识理论研究;教师能力理论研究;教师教学专长理论研究等。
●
相关链接 在E读中查询图书 在五车中查询图书 在当当中查询图书 在豆瓣中查询图书


正题名:教师专业发展理论研究     索取号:G451.2/107         预约/预借

序号 登录号 条形码 馆藏地/架位号 状态 备注
1 538741   205387419   第一样本阅览室/ [索取号:G451.2/107] 在馆    
2 538742   205387428   第四借阅区/ [索取号:G451.2/107] 在馆    
欢迎您!
大连网信软件有限公司© 版权所有